00368nam a2200133Ia 4500008004100000020001500041041001200056082002100068100003500089245004200124260002700166300001700193650002400210231217s9999 xx 000 0 und d a8178813416 aEnglish a354.37 KAS;1 R aKashyap, V R P. Mrudula, E ed. 0aWeather derivatives : an introduction c2004bIcfaiaHyderabad avii, 187+A14 aWeather,derivatives